000 00680nam a2200253Ia 4500
003 OSt
005 20220924120352.0
006 a|||||r|||| 00| 0
007 ta
008 220923b |||||||| |||| 00| 0 urd d
020 _c150
024 _a261332
037 _cTextual
040 _aARTS
_cARTS
_burd
041 _2urd
_aurd
082 _aO168,6NKH6,3, P3
100 _aMahmood Khalid Au.
_9181810
245 0 _aShiguftagi dil ki
260 _aDelhi
_bModern publishing house India
_c2003
300 _a112p.
_ccm.
650 _aURDU PROSE
_926866
942 _hO168,6NKH6,3, P3
_cTEXL
_2CC
999 _c402493
_d402493